King Von Quiz - Statistics

General Stats
  • This quiz has been taken 577 times
  • The average score is 9 of 18
Answer Stats
Hint Answer % Correct
What city is King Von from? Chicago
96%
The neighborhood is also known as? O'Block
87%
King Von's best friend, also a rapper Lil Durk
72%
How many children did Von have? 3
71%
How old was King Von when he died? 26
69%
What is King Von's occupation? Rapper
63%
What street is King Von from? 64th & King Drive
56%
King Von moved to this city and also where he died Atlanta
50%
What is King Von's real name? Dayvon Daquan Bennett
46%
Von and the man above are part of this Hip Hop group Only the Family
45%
What neighborhood is King Von from? (Official name) Parkway Gardens
40%
What was King Von's most popular album Welcome to O'Block
38%
What gang is King Von affiliated with? Black Disciples
37%
What was King Von's first album Grandson
35%
What main gang is the rival of the one above? Gangster Disciples
25%
How many official mugshots did Von have? 43
24%
Von had a relationship with this Texas rapper Asian Doll
22%
What's the iconic item Von wears on his leg? Ankle Monitor
15%
No matching quizzes found
Score Distribution
Percent of People with Each Score
Percentile by Number Answered
Your Score History
You have not taken this quiz